000 00796cam a22002532 4500
999 _c18253
_d18253
001 0000013142
003 OSt
005 20200228125638.0
008 090611s xx 000 0 eng d
020 _a1285186139
040 _aKABU
_cKABU
050 _aT58.6
_b.S68 2015 c. 1
100 1 _aSousa, Kenneth J.
245 1 0 _aManagement information systems. /
_cKenneth J. Sousa and Effy Oz
250 _a7th ed.
260 _aAustralia
_bCengage Learning,
_c2015.
300 _axxv, 528 p.
500 _aAdapted from Management information systems, 5th edition, 20006.
650 0 _aManagement information systems.
700 1 _aOz, Effy
908 _a090611
942 _2lcc
_cBK
_hT58.6
_i.S68 2015 c. 1